01273cam a2200289 a 450000100070000000500170000700800410002401000170006502000150008203500200009704000420011704200140015904300120017305000210018524501770020626000960038330000400047950001570051950400540067660000440073060000460077465000500082070000170087070000250088771000320091271000390094469368920170128111528.0961107s1997 inua bc 000 0 eng d a 96071288  a0295976039 a(OCoLC)36620231 aInIMucInIMudInITdIDeKNdOCoLCdDLC alccopycat ae-sp---04aND806b.P35 199700aPainting in Spain in the age of enlightenment :bGoya and his contemporaries /cRonda Kasl and Suzanne L. Stratton, curators of the exhibition and editors of the catalogue. a[Indianapolis] :bIndianapolis Museum of Art ;aNew York :bThe Spanish Institute ,cc1997. a295 p. :bill. (some col.),c28 cm. aCatalog of an exhibition held at the Indianapolis Museum of Art, November 23, 1996-January 19, 1997 and at the Spanish Institute, New York, Spring 1997. aIncludes bibliographical references (p. 287-295).10aGoya, Francisco,d1746-1828xInfluence.10aGoya, Francisco,d1746-1828vExhibitions. 0aPainting, Spanishy18th centuryvExhibitions.1 aKasl, Ronda.1 aStratton, Suzanne L.2 aIndianapolis Museum of Art.2 aSpanish Institute (New York, N.Y.)